000 00619cab a2200241 4500
001 WB3215-49
008 090401t1996 xxu||||| |||| 00| 0 eng d
035 _a(Sirsi) u69876
041 _aeng
245 _aHome security
260 _c1996
350 _a0
490 _aTimes
_v10 April 1996, 39(1)
520 _aSecurity measures for homes are becoming increasingly popular with homebuyers.
650 _aBURGLARIES
650 _aCRIME PREVENTION
650 _aRESIDENTIAL PROPERTY
_96266
650 _aSECURITY SYSTEMS
650 _aSECURITY
690 _aHOUSING
942 _n0
948 _c04/03/1997
999 _c43935
_d43935